| 000 | 00384cam a2200169 4500 | ||
|---|---|---|---|
| 001 | D12973 | ||
| 008 | 090401t xxu||||| |||| 00| 0 eng d | ||
| 035 | _a(Sirsi) u6927 | ||
| 041 | _aeng | ||
| 100 | _aHodgman, Cecil M | ||
| 245 | 4 | _aThe Building Society surveyor | |
| 260 |
_aLondon _bFraney and Co _cn d |
||
| 350 | _a0 | ||
| 520 | _aShelf 117 | ||
| 942 | _n0 | ||
| 948 | _c04/03/1997 | ||
| 999 |
_c86370 _d86370 |
||